[Event "1st New York Masters International"]
[Site "New York"]
[Date "2003.03.10"]
[Round "5"]
[White "Lewis, James E"]
[Black "Sena, Juan"]
[Result "1/2-1/2"]
[WhiteElo "2246"]
[BlackElo "2142"]
[PlyCount "129"]
[EventDate "2003.??.??"]
[SourceDate "2003.01.27"]

1. e4 e6 2. d4 d5 3. Nc3 Nf6 4. Bg5 Be7 5. e5 Nfd7 6. h4 c5 7. Nf3 a6 8. dxc5
Nxc5 9. Qd2 Nc6 10. O-O-O h6 11. Bxe7 Qxe7 12. Nd4 Nxe5 13. Re1 Qd6 14. f4 Nc4
15. Bxc4 dxc4 16. f5 Nd3+ 17. cxd3 Qxd4 18. dxc4 Qxd2+ 19. Kxd2 O-O 20. fxe6
Bxe6 21. Re4 Rfd8+ 22. Ke3 Rac8 23. b3 b5 24. Rd4 bxc4 25. b4 Rxd4 26. Kxd4
Rd8+ 27. Kc5 Rd3 28. Rc1 Rg3 29. a4 Rxg2 30. b5 axb5 31. axb5 Rb2 32. b6 Bg4
33. Nb5 Bf3 34. Rc3 Bg2 35. Rg3 Bh1 36. Rh3 Be4 37. Re3 Bg2 38. Rg3 Bh1 39. Rg1
Bf3 40. Rg3 Be4 41. Nd6 Bh1 42. Nxc4 Rh2 43. Rg4 f5 44. Rf4 g6 45. Ne5 Kg7 46.
h5 Rc2+ 47. Kd6 Kf6 48. Nd7+ Kg5 49. Rf1 Bg2 50. Rb1 Kxh5 51. Nf6+ Kg5 52. Nd5
Bxd5 53. Kxd5 Rc8 54. b7 Rb8 55. Kc6 f4 56. Kc7 Rxb7+ 57. Kxb7 f3 58. Kc6 Kf4
59. Kd5 g5 60. Kd4 f2 61. Rb6 Kf3 62. Rxh6 f1=Q 63. Rf6+ Kg2 64. Rxf1 Kxf1 65.
Ke4 1/2-1/2

[Event "1st New York Masters International"]
[Site "New York"]
[Date "2003.03.17"]
[Round "6"]
[White "Benen, Samson"]
[Black "Lewis, James E"]
[Result "1/2-1/2"]
[WhiteElo "2251"]
[BlackElo "2246"]
[PlyCount "88"]
[EventDate "2003.??.??"]
[SourceDate "2003.01.27"]

1. d4 Nf6 2. Nf3 c5 3. c4 cxd4 4. Nxd4 e5 5. Nb5 d5 6. cxd5 Bc5 7. e3 O-O 8.
N5c3 e4 9. Nd2 Bf5 10. a3 a5 11. Be2 Re8 12. g4 Bg6 13. Nb3 Bb6 14. g5 Nfd7 15.
h4 Ne5 16. Nd4 Nbd7 17. h5 Bxd4 18. Qxd4 Bf5 19. Nxe4 Bxe4 20. Qxe4 Nc5 21. Qg2
Nb3 22. Rb1 Qc7 23. O-O Qc2 24. f4 Nd3 25. Bd1 Qxg2+ 26. Kxg2 Ndxc1 27. Re1
Rad8 28. e4 a4 29. Bxb3 Nxb3 30. Rbd1 Kf8 31. e5 g6 32. Kg3 Rc8 33. Re2 Rc4 34.
hxg6 hxg6 35. Kg4 Nd4 36. Rh2 Nf5 37. Rd3 Rxe5 38. d6 Rd4 39. Rh8+ Kg7 40. Rdh3
Nh4 41. R3xh4 f5+ 42. Kf3 Rd3+ 43. Kf2 Rd2+ 44. Kf3 Rd3+ 1/2-1/2

[Event "1st New York Masters International"]
[Site "New York"]
[Date "2003.03.17"]
[Round "6"]
[White "Schneider, Igor"]
[Black "Chernin, Oliver"]
[Result "1/2-1/2"]
[WhiteElo "2237"]
[BlackElo "2207"]
[PlyCount "45"]
[EventDate "2003.??.??"]
[SourceDate "2003.01.27"]

1. e4 c5 2. Nf3 d6 3. d4 cxd4 4. Nxd4 Nf6 5. Nc3 g6 6. Be3 Bg7 7. Be2 O-O 8. f4
Nc6 9. Nb3 Be6 10. O-O Rc8 11. Bf3 Bc4 12. Rf2 e5 13. f5 d5 14. exd5 Ne7 15.
fxg6 hxg6 16. Bg5 Qb6 17. Qd2 Nf5 18. Kh1 Nh7 19. Nd1 Nxg5 20. Qxg5 Rcd8 21.
Qg4 Bxd5 22. Bxd5 Rxd5 23. Qe2 1/2-1/2

[Event "1st New York Masters International"]
[Site "New York"]
[Date "2003.03.17"]
[Round "6"]
[White "Johnson, Ben"]
[Black "Bierkens, Pieter"]
[Result "0-1"]
[WhiteElo "2178"]
[BlackElo "2250"]
[PlyCount "70"]
[EventDate "2003.??.??"]
[SourceDate "2003.01.27"]

1. e4 c5 2. Nf3 e6 3. d4 cxd4 4. Nxd4 a6 5. Nc3 b5 6. Bd3 Qb6 7. Nf3 Qc7 8. O-O
d6 9. a4 b4 10. Na2 Nc6 11. Bd2 Rb8 12. c3 bxc3 13. Bxc3 Nf6 14. Qe2 Be7 15.
Rac1 Qb6 16. b4 O-O 17. a5 Qb7 18. e5 Nd5 19. exd6 Bxd6 20. b5 axb5 21. Qc2 g6
22. Ba1 Bd7 23. Be4 b4 24. Rfd1 Nxa5 25. Bf6 Bc6 26. Bxd5 Bxd5 27. Qd2 Be7 28.
Be5 Bxf3 29. gxf3 Rbd8 30. Qh6 f6 31. Rxd8 Rxd8 32. Qh3 Qd5 33. Bc7 Nb3 34. Re1
Rd7 35. Bf4 Nd4 0-1

[Event "1st New York Masters International"]
[Site "New York"]
[Date "2003.03.24"]
[Round "7"]
[White "Bierkens, Pieter"]
[Black "Matthew, Ervin"]
[Result "1-0"]
[WhiteElo "2250"]
[BlackElo "2145"]
[PlyCount "45"]
[EventDate "2003.??.??"]
[SourceDate "2003.01.27"]

1. e4 e5 2. Bc4 Nf6 3. d3 Nc6 4. f4 Bc5 5. Nc3 exf4 6. Bxf4 d6 7. Nf3 Bg4 8.
Qd2 Bxf3 9. gxf3 Ne5 10. Bxe5 dxe5 11. O-O-O c6 12. Qg5 Qe7 13. Kb1 b5 14. Bb3
a5 15. a4 Bd4 16. Ne2 h6 17. Qxg7 Rh7 18. Qg3 Qb4 19. Nxd4 Qxd4 20. c3 Qc5 21.
d4 exd4 22. Rxd4 Nh5 23. Qg8+ 1-0

[Event "1st New York Masters International"]
[Site "New York"]
[Date "2003.03.24"]
[Round "7"]
[White "Fernandez, John C"]
[Black "Johnson, Ben"]
[Result "1/2-1/2"]
[WhiteElo "2138"]
[BlackElo "2178"]
[PlyCount "52"]
[EventDate "2003.??.??"]
[SourceDate "2003.01.27"]

1. e4 c5 2. Nf3 e6 3. d4 cxd4 4. Nxd4 a6 5. Bd3 Bc5 6. Nb3 Ba7 7. O-O Nc6 8.
Qe2 Nge7 9. c4 d6 10. Be3 Bxe3 11. Qxe3 e5 12. Nc3 O-O 13. Rfd1 Ng6 14. Rd2 Be6
15. Rad1 Qc7 16. Bf1 Rad8 17. g3 Nce7 18. c5 dxc5 19. Nxc5 Bc8 20. Rxd8 Rxd8
21. Rxd8+ Qxd8 22. Qd3 Qc7 23. Qc4 b5 24. Nd5 Qd6 25. Nxe7+ Nxe7 26. Qd3 Qxd3
1/2-1/2

[Event "1st New York Masters International"]
[Site "New York"]
[Date "2003.03.24"]
[Round "7"]
[White "Chernin, Oliver"]
[Black "Aravena, Peter"]
[Result "1/2-1/2"]
[WhiteElo "2207"]
[BlackElo "2235"]
[PlyCount "58"]
[EventDate "2003.??.??"]
[SourceDate "2003.01.27"]

1. c4 e5 2. Nc3 Nf6 3. Nf3 Nc6 4. e3 Bb4 5. Qc2 Bxc3 6. Qxc3 Qe7 7. a3 d5 8. d4
exd4 9. Nxd4 Nxd4 10. Qxd4 c5 11. Qh4 O-O 12. cxd5 Qe5 13. Be2 Nxd5 14. O-O Be6
15. f4 Qe4 16. Bf3 Qd3 17. f5 Nxe3 18. Bxe3 Qxe3+ 19. Kh1 Bxf5 20. Bxb7 Rab8
21. Bd5 Bg6 22. b3 Rfd8 23. Rad1 Rf8 24. Qc4 Bh5 25. Rde1 Qg5 26. Qxc5 h6 27.
Qc4 Rbc8 28. Qe4 Bg6 29. Qf3 Rc2 1/2-1/2

[Event "1st New York Masters International"]
[Site "New York"]
[Date "2003.03.24"]
[Round "7"]
[White "Lewis, James E"]
[Black "Schneider, Igor"]
[Result "1-0"]
[WhiteElo "2246"]
[BlackElo "2237"]
[PlyCount "71"]
[EventDate "2003.??.??"]
[SourceDate "2003.01.27"]

1. e4 e6 2. d4 d5 3. Nd2 Nf6 4. e5 Nfd7 5. c4 c5 6. cxd5 exd5 7. f4 cxd4 8. a3
Nc6 9. Ngf3 d3 10. Bxd3 Nc5 11. Bb1 Qb6 12. b4 Ne6 13. Nb3 a5 14. f5 Nc7 15.
bxa5 Nxa5 16. Nxa5 Qxa5+ 17. Bd2 Qb6 18. Qc1 Rxa3 19. Rxa3 Bxa3 20. Qxa3 Qxb1+
21. Kf2 Qb6+ 22. Be3 Qa6 23. Qb4 Qb5 24. Qd6 Qd7 25. Rc1 Na6 26. Qa3 Nb8 27. e6
fxe6 28. fxe6 Qxe6 29. Bf4 Qb6+ 30. Be3 Qd8 31. Bg5 Qb6+ 32. Kg3 Kf7 33. Ne5+
Ke6 34. Qe7+ Kf5 35. Rf1+ Ke4 36. Rf4+ 1-0

[Event "1st New York Masters International"]
[Site "New York"]
[Date "2003.03.24"]
[Round "7"]
[White "Sena, Juan"]
[Black "Benen, Samson"]
[Result "1/2-1/2"]
[WhiteElo "2142"]
[BlackElo "2251"]
[PlyCount "114"]
[EventDate "2003.??.??"]
[SourceDate "2003.01.27"]

1. e4 e5 2. Nf3 Nc6 3. Bc4 Bc5 4. c3 Bb6 5. d3 Nf6 6. Bb3 d6 7. Nbd2 Ne7 8. Nf1
Ng6 9. Ng3 O-O 10. O-O Be6 11. Bg5 h6 12. Be3 d5 13. Qe2 Re8 14. Bxb6 axb6 15.
Rfe1 c5 16. Qf1 Bg4 17. Nd2 b5 18. Bc2 d4 19. h3 Be6 20. a4 Qa5 21. Ne2 Red8
22. Nb3 Qb6 23. axb5 Rxa1 24. Rxa1 c4 25. Nbc1 Qxb5 26. cxd4 exd4 27. dxc4 Bxc4
28. b3 Bxe2 29. Nxe2 d3 30. Nc1 Nxe4 31. Bxd3 Qe5 32. Ra7 Nf4 33. Bxe4 Qxe4 34.
Ra4 Qf5 35. Kh2 Rd2 36. Ra2 Rxa2 37. Nxa2 Qc2 38. Nc1 Qc6 39. g3 Ne6 40. Qc4
Qf3 41. Qe2 Qf5 42. Qd2 Ng5 43. Qd8+ Kh7 44. Qd3 Kg6 45. g4 Qe4 46. h4 Qxd3 47.
Nxd3 Ne4 48. Kg2 Nd2 49. b4 Kf6 50. Nc5 b5 51. f4 h5 52. Kg3 hxg4 53. Kxg4 Nc4
54. Ne4+ Ke7 55. Nc3 Ne3+ 56. Kg5 Nc2 57. Nxb5 Nxb4 1/2-1/2

[Event "1st New York Masters International"]
[Site "New York"]
[Date "2003.03.31"]
[Round "8"]
[White "Matthew, Ervin"]
[Black "Benen, Samson"]
[Result "0-1"]
[WhiteElo "2145"]
[BlackElo "2251"]
[PlyCount "76"]
[EventDate "2003.??.??"]
[SourceDate "2003.01.27"]

1. Nf3 d5 2. d4 c6 3. c4 e6 4. Nc3 Nf6 5. Bg5 h6 6. Bxf6 Qxf6 7. e3 g6 8. Qc2
Bg7 9. Bd3 Nd7 10. O-O O-O 11. Rfd1 dxc4 12. Ne4 Qe7 13. Qxc4 e5 14. dxe5 Nxe5
15. Nxe5 Qxe5 16. Qc3 Qe7 17. Qc2 Bg4 18. Rd2 Rad8 19. Rc1 Rd5 20. Bc4 Bf5 21.
Rxd5 cxd5 22. Bxd5 Rd8 23. g4 Bxg4 24. Bc4 Rc8 25. Qd3 b5 26. Bxf7+ Qxf7 27.
Rxc8+ Bxc8 28. Qd8+ Qf8 29. Qd5+ Kh7 30. Qxb5 Bh3 31. Qb7 Qd8 32. Qb3 Qh4 33.
Qd5 Qg4+ 34. Ng3 Qb4 35. Qd1 Qxb2 36. Nh5 Qa1 37. Qxa1 Bxa1 38. Nf4 Bf5 0-1

[Event "1st New York Masters International"]
[Site "New York"]
[Date "2003.03.31"]
[Round "8"]
[White "Schneider, Igor"]
[Black "Sena, Juan"]
[Result "1/2-1/2"]
[WhiteElo "2237"]
[BlackElo "2142"]
[PlyCount "119"]
[EventDate "2003.??.??"]
[SourceDate "2003.01.27"]

1. e4 c5 2. Nf3 d6 3. d4 cxd4 4. Nxd4 Nf6 5. Nc3 Nc6 6. Bc4 Bd7 7. O-O g6 8. h3
Nxd4 9. Qxd4 Bg7 10. Bg5 O-O 11. Qd3 Rc8 12. Rad1 Bc6 13. Bb3 Qa5 14. Bd2 Qh5
15. Rfe1 Rfe8 16. Bf4 Nd7 17. Qe3 Qa5 18. Bh6 Bxc3 19. bxc3 Bb5 20. Qd4 Nf6 21.
Re3 Rc5 22. e5 Rxe5 23. Rxe5 dxe5 24. Qxe5 Qa6 25. Rd4 Qc6 26. Rb4 Ba6 27. Ba4
b5 28. Bxb5 Bxb5 29. Rxb5 Qd7 30. Ra5 Qd1+ 31. Kh2 Qxc2 32. Be3 Qe4 33. Qxe4
Nxe4 34. c4 Rc8 35. Rxa7 e5 36. f3 Nd6 37. c5 Nf5 38. Bf2 Nd4 39. Bxd4 exd4 40.
Rd7 Rxc5 41. Rxd4 Rc2 42. a4 Ra2 43. h4 h5 44. Kh3 Kg7 45. g4 hxg4+ 46. Kxg4
Kf6 47. Kf4 Rh2 48. Ke3 Ra2 49. Ke4 Ke6 50. Rb4 Kd6 51. Kf4 f6 52. Kg3 Ke6 53.
Kf4 Kd6 54. Rb6+ Ke7 55. Ra6 Rh2 56. Kg3 Ra2 57. a5 Ra4 58. Ra8 Ke6 59. a6 Kf5
60. Ra7 1/2-1/2

[Event "1st New York Masters International"]
[Site "New York"]
[Date "2003.03.31"]
[Round "8"]
[White "Aravena, Peter"]
[Black "Lewis, James E"]
[Result "1-0"]
[WhiteElo "2235"]
[BlackElo "2246"]
[PlyCount "89"]
[EventDate "2003.??.??"]
[SourceDate "2003.01.27"]

1. d4 Nf6 2. c4 c5 3. d5 e6 4. Nc3 exd5 5. cxd5 d6 6. Nf3 Be7 7. h3 O-O 8. e4
Nbd7 9. Be2 Ne8 10. O-O a6 11. a4 Bf6 12. Bf4 Qe7 13. Nd2 Rb8 14. a5 Ne5 15.
Bg3 g5 16. f4 gxf4 17. Bxf4 b5 18. axb6 Rxb6 19. Bxe5 Bxe5 20. Nc4 Bd4+ 21. Kh1
Rb4 22. Na5 Qh4 23. Rf3 Rxb2 24. Nc6 Bg7 25. Qc1 Rb3 26. Bc4 Rb6 27. Rf4 Qg5
28. h4 Qh6 29. Ne7+ Kh8 30. Nxc8 Rb4 31. Bxa6 Nc7 32. Na7 Be5 33. Ne2 Nxa6 34.
Rxa6 Rb2 35. Nc6 Bg7 36. Ng1 Qg6 37. Qf1 Qg3 38. Rxf7 Rg8 39. Raa7 Qxh4+ 40.
Nh3 h6 41. Ne7 Qxe4 42. Nf4 Rb1 43. Neg6+ Kh7 44. Nf8+ Rxf8 45. Rxg7+ 1-0

[Event "1st New York Masters International"]
[Site "New York"]
[Date "2003.03.31"]
[Round "8"]
[White "Johnson, Ben"]
[Black "Chernin, Oliver"]
[Result "1-0"]
[WhiteElo "2178"]
[BlackElo "2207"]
[PlyCount "87"]
[EventDate "2003.??.??"]
[SourceDate "2003.01.27"]

1. e4 c5 2. Nf3 d6 3. d4 cxd4 4. Nxd4 Nf6 5. Nc3 g6 6. Be3 Bg7 7. f3 O-O 8. Qd2
Nc6 9. O-O-O Nxd4 10. Bxd4 Be6 11. Kb1 Qc7 12. h4 Rfc8 13. h5 Qa5 14. a3 Rab8
15. hxg6 fxg6 16. Nd5 Qxd2 17. Rxd2 Nxd5 18. exd5 Bxd4 19. Rxd4 Bf5 20. Bd3
Bxd3 21. Rxd3 b5 22. b3 Rc5 23. Kb2 Rbc8 24. c3 Rf8 25. Re1 Rf7 26. Rd4 Kf8 27.
a4 Rf5 28. axb5 Rxb5 29. c4 Rb7 30. Kc3 Ke8 31. b4 Rc7 32. b5 e5 33. f4 Re7 34.
fxe5 Rfxe5 35. Rxe5 Rxe5 36. Rd2 Kf7 37. Rf2+ Kg7 38. Ra2 Re7 39. c5 dxc5 40.
Kc4 Kf6 41. Kxc5 Rc7+ 42. Kd6 Rb7 43. Rf2+ Kg5 44. Kc6 1-0

[Event "1st New York Masters International"]
[Site "New York"]
[Date "2003.03.31"]
[Round "8"]
[White "Bierkens, Pieter"]
[Black "Fernandez, John C"]
[Result "1/2-1/2"]
[WhiteElo "2250"]
[BlackElo "2138"]
[PlyCount "124"]
[EventDate "2003.??.??"]
[SourceDate "2003.01.27"]

1. e4 c5 2. d3 d5 3. exd5 Qxd5 4. Nc3 Qd8 5. g3 Bd7 6. Bg2 Bc6 7. Nf3 Nf6 8.
O-O e6 9. Qe2 Be7 10. Be3 O-O 11. Rad1 Nbd7 12. d4 cxd4 13. Nxd4 Bxg2 14. Kxg2
Qc8 15. Kg1 Rd8 16. Nb3 Qc6 17. Qb5 Qxb5 18. Nxb5 a6 19. Nd6 Bxd6 20. Rxd6 Ne8
21. Rd4 Ne5 22. Kg2 Rxd4 23. Bxd4 Nc6 24. Bc3 Nc7 25. Na5 Nxa5 26. Bxa5 Nd5 27.
c4 b6 28. cxd5 bxa5 29. dxe6 fxe6 30. Re1 Rb8 31. b3 Kf7 32. a4 Rxb3 33. Re5
Rb6 34. Rxa5 Ke7 35. h4 g6 36. h5 Kf6 37. f4 h6 38. hxg6 Kxg6 39. Kf3 Kf6 40.
Kg4 Kg6 41. Kh4 Kf6 42. Rh5 Kg6 43. Rc5 Kf6 44. a5 Rd6 45. Kh5 Rd3 46. Kh4 Ra3
47. Rh5 Kg6 48. Rc5 Kf6 49. Kg4 Kg6 50. Rc6 h5+ 51. Kh4 Rxa5 52. Rxe6+ Kg7 53.
Rb6 Kh7 54. g4 hxg4 55. Kxg4 Kg7 56. f5 Rb5 57. Rxa6 Rb1 58. Ra7+ Kf6 59. Ra6+
Kf7 60. Kg5 Rg1+ 61. Kf4 Rf1+ 62. Ke5 Re1+ 1/2-1/2

[Event "1st New York Masters International"]
[Site "New York"]
[Date "2003.04.07"]
[Round "9"]
[White "Fernandez, John C"]
[Black "Matthew, Ervin"]
[Result "1-0"]
[WhiteElo "2138"]
[BlackElo "2145"]
[PlyCount "57"]
[EventDate "2003.??.??"]
[SourceDate "2003.01.27"]

1. e4 c5 2. Nf3 d6 3. d4 cxd4 4. Nxd4 Nf6 5. Nc3 g6 6. Be3 Bg7 7. f3 Nc6 8. Qd2
O-O 9. O-O-O Bd7 10. Kb1 Rc8 11. g4 Ne5 12. h4 Nc4 13. Bxc4 Rxc4 14. h5 Qa5 15.
Nb3 Qa6 16. hxg6 Rfc8 17. gxf7+ Kxf7 18. g5 Ne8 19. Rxh7 Kg8 20. Rdh1 Be6 21.
Qh2 Kf8 22. Rxg7 Nxg7 23. Qh8+ Bg8 24. Rh7 Ne6 25. g6 Rxc3 26. bxc3 Qf1+ 27.
Kb2 Qe1 28. Bd2 Qg3 29. Rf7+ 1-0

[Event "1st New York Masters International"]
[Site "New York"]
[Date "2003.04.07"]
[Round "9"]
[White "Lewis, James E"]
[Black "Johnson, Ben"]
[Result "0-1"]
[WhiteElo "2246"]
[BlackElo "2178"]
[PlyCount "100"]
[EventDate "2003.??.??"]
[SourceDate "2003.01.27"]

1. e4 c5 2. Nf3 Nc6 3. d4 cxd4 4. Nxd4 g6 5. c4 Bg7 6. Be3 Nf6 7. Nc3 O-O 8.
Be2 b6 9. O-O Bb7 10. Rc1 Rc8 11. b3 Qc7 12. f4 Qb8 13. e5 Nxd4 14. Qxd4 Ne8
15. Qxd7 Nc7 16. Qxe7 Rce8 17. Qd7 f6 18. Nb5 Rf7 19. Qh3 Bc8 20. Qg3 Nxb5 21.
cxb5 fxe5 22. Bc4 Be6 23. Bxe6 Rxe6 24. Qg4 Qe8 25. fxe5 Rxf1+ 26. Rxf1 h5 27.
Qc4 Bxe5 28. Bg5 Kh7 29. a4 Bg7 30. Bd2 Re2 31. Qd5 Qg8 32. Qd3 Qe6 33. h3 Re4
34. Qf3 Re2 35. Bb4 Re4 36. Bd2 Re2 37. Qd3 Re4 38. Qg3 Qd5 39. Bc3 Qc5+ 40.
Kh1 Qxc3 41. Qxc3 Bxc3 42. Rf7+ Kg8 43. Rxa7 Re1+ 44. Kh2 Be5+ 45. g3 h4 46.
Rd7 hxg3+ 47. Kg2 Re2+ 48. Kg1 Bf4 49. a5 Be3+ 50. Kf1 Rf2+ 0-1

[Event "1st New York Masters International"]
[Site "New York"]
[Date "2003.04.07"]
[Round "9"]
[White "Sena, Juan"]
[Black "Aravena, Peter"]
[Result "0-1"]
[WhiteElo "2142"]
[BlackElo "2235"]
[PlyCount "52"]
[EventDate "2003.??.??"]
[SourceDate "2003.01.27"]

1. e4 e6 2. d4 d5 3. Nd2 Nf6 4. e5 Ne4 5. Nxe4 dxe4 6. Bc4 a6 7. d5 b5 8. Bb3
Bb7 9. dxe6 Qxd1+ 10. Kxd1 fxe6 11. Bxe6 Nc6 12. Bf4 Nd4 13. Bh3 Rd8 14. Bd2
Bc5 15. Ne2 O-O 16. Nxd4 Bxd4 17. e6 Bc5 18. e7 Bxe7 19. Ke2 Rxd2+ 20. Kxd2
Rxf2+ 21. Kc3 Bf6+ 22. Kb4 Rxc2 23. Be6+ Kf8 24. Rac1 c5+ 25. Kb3 Rxb2+ 26. Ka3
Bc6 0-1

[Event "1st New York Masters International"]
[Site "New York"]
[Date "2003.04.07"]
[Round "9"]
[White "Benen, Samson"]
[Black "Schneider, Igor"]
[Result "1-0"]
[WhiteElo "2251"]
[BlackElo "2237"]
[PlyCount "149"]
[EventDate "2003.??.??"]
[SourceDate "2003.01.27"]

1. d4 d5 2. c4 e6 3. Nf3 c6 4. Qc2 Nf6 5. g3 dxc4 6. Qxc4 b5 7. Qc2 Bb7 8. Bg2
Nbd7 9. a4 a6 10. O-O c5 11. axb5 axb5 12. Rxa8 Qxa8 13. Na3 b4 14. Nc4 cxd4
15. Bf4 Be4 16. Qd2 Qa6 17. Rc1 Bc5 18. Bd6 Bd5 19. Bxc5 Nxc5 20. Qxb4 Nfd7 21.
Nxd4 O-O 22. Bxd5 exd5 23. Ne3 Rb8 24. Qa3 Qb6 25. Nxd5 Qxb2 26. Qe3 h6 27. Nc6
Ra8 28. Nde7+ Kh8 29. Rd1 Ra1 30. Rxa1 Qxa1+ 31. Kg2 Qf6 32. Qf3 Qxf3+ 33. Kxf3
g6 34. e4 Kg7 35. Ke3 Ne6 36. f4 Nf6 37. h3 Nc5 38. e5 Nfd7 39. g4 f6 40. Kd4
Ne6+ 41. Ke4 fxe5 42. Nxe5 Nxe5 43. Kxe5 Nc5 44. h4 Nd3+ 45. Ke4 Nc5+ 46. Kd4
Nd7 47. Nd5 Kf7 48. f5 gxf5 49. gxf5 Nb8 50. Ke5 Nc6+ 51. Kf4 Nd4 52. Kg4 Kg7
53. Kf4 Kf7 54. Ke4 Nc6 55. Ne3 Nb4 56. Ng4 h5 57. Ne3 Nc6 58. Kf4 Kf6 59. Nd5+
Kg7 60. Kg5 Nd4 61. Ne3 Nf3+ 62. Kxh5 Kf6 63. Kg4 Ne5+ 64. Kf4 Nd3+ 65. Kf3 Ke5
66. h5 Kf6 67. h6 Kf7 68. Ng4 Nc5 69. Kf4 Kg8 70. Kg5 Kh7 71. f6 Nd7 72. f7 Kh8
73. Ne5 Nf8 74. Kf6 Kh7 75. Ke7 1-0